Every Song by Wings - Statistics

General Stats
  • This quiz has been taken 30 times
  • The average score is 45 of 122
Answer Stats
Album Song % Correct
Band on the Run(1973) Band on the Run
100%
London Town(1978) London Town
94%
Venus and Mars(1975) Venus and Mars
94%
Venus and Mars(1975) Venus and Mars (Reprise)
94%
Wings at the Speed of Sound(1976) Silly Love Songs
88%
Band on the Run(1973) Jet
82%
Wild Life(1971) Wild Life
82%
Wings at the Speed of Sound(1976) Let 'Em In
76%
Band on the Run(1973) Nineteen Hundred and Eighty-Five
76%
Band on the Run(1973) Bluebird
71%
Wings over America(1976) Live and Let Die
71%
Red Rose Speedway(1973) My Love
71%
Band on the Run(1973) Picasso's Last Words (Drink to Me)
71%
Venus and Mars(1975) Rock Show
71%
Red Rose Speedway(1973) Big Barn Bed
65%
Band on the Run(1973) Let Me Roll It
65%
Venus and Mars(1975) Listen to What the Man Said
65%
Wings Greatest(1978) Mull of Kintyre
65%
Venus and Mars(1975) Call Me Back Again
59%
Wings at the Speed of Sound(1976) Cook of the House
59%
Band on the Run(1973) Mamunia
59%
Wild Life(Bonus)(1993) Mary Had a Little Lamb
59%
Band on the Run(1973) No Words
59%
Venus and Mars(1975) Spirits of Ancient Egypt
59%
Back to the Egg(1979) Arrow Through Me
53%
Wild Life(1971) Bip Bop
53%
London Town(1978) Cafe on the Left Bank
53%
Band on the Run(Bonus)(1993) Country Dreamer
53%
Wild Life(1971) Dear Friend
53%
Venus and Mars(1975) Letting Go
53%
Venus and Mars(1975) Magneto and Titanium Man
53%
Venus and Mars(1975) Medicine Jar
53%
Back to the Egg(1979) Old Siam, Sir
53%
Wings over America(1976) Soily
53%
Wings at the Speed of Sound(1976) Beware My Love
47%
Back to the Egg(1979) Getting Closer
47%
London Town(1978) Girlfriend
47%
Wild Life(Bonus)(1993) Give Ireland Back to the Irish
47%
Back to the Egg(Bonus)(2007) Goodnight Tonight
47%
Band on the Run(Bonus)(1973) Helen Wheels
47%
Wings Greatest(1978) Hi, Hi, Hi
47%
Red Rose Speedway(1973) Little Lamb Dragonfly
47%
Venus and Mars(1975) Love in Song
47%
Band on the Run(1973) Mrs. Vandebilt
47%
Wild Life(1971) Mumbo
47%
Red Rose Speedway(1973) Power Cut
47%
Back to the Egg(1979) Rockestra Theme
47%
Back to the Egg(1979) Baby's Request
41%
Red Rose Speedway(Bonus)(1993) C Moon
41%
Red Rose Speedway(1973) Hands of Love
41%
Red Rose Speedway(1973) Hold Me Tight
41%
Wild Life(1971) Love Is Strange
41%
One Hand Clapping(2024) One Hand Clapping
41%
Wings at the Speed of Sound(1976) She's My Baby
41%
Venus and Mars(1975) Treat Her Gently – Lonely Old People
41%
London Town(1978) Children Children
35%
Venus and Mars(1975) Crossroads
35%
Wings Greatest(1978) Junior's Farm
35%
Red Rose Speedway(1973) Lazy Dynamite
35%
Red Rose Speedway(1973) Loup (1st Indian on the Moon)
35%
Back to the Egg(1979) Reception
35%
Red Rose Speedway(1973) Single Pigeon
35%
Venus and Mars(1975) You Gave Me the Answer
35%
Wings Greatest(1978) Another Day
29%
Back to the Egg(Bonus)(1993) Daytime Nighttime Suffering
29%
London Town(1978) Deliver Your Children
29%
London Town(1978) Famous Groupies
29%
Red Rose Speedway(1973) Get on the Right Thing
29%
Wild Life(1971) I Am Your Singer
29%
London Town(1978) I've Had Enough
29%
Wings at the Speed of Sound(1976) Warm and Beautiful
29%
Wings at the Speed of Sound(1976) Wino Junko
29%
London Town(1978) With a Little Luck
29%
Back to the Egg(1979) Again and Again and Again
24%
One Hand Clapping(Bonus)(2024) Blackpool
24%
London Town(1978) Cuff Link
24%
London Town(1978) Don't Let It Bring You Down
24%
London Town(Bonus)(1993) Girls' School
24%
Red Rose Speedway(Bonus)(1993) I Lie Around
24%
London Town(1978) I'm Carrying
24%
Venus and Mars(Bonus)(1993) My Carnival
24%
Red Rose Speedway(1973) One More Kiss
24%
Wings at the Speed of Sound(Bonus)(1993) Sally G
24%
Wings at the Speed of Sound(1976) San Ferry Anne
24%
Back to the Egg(1979) Spin It On
24%
Wings at the Speed of Sound(1976) The Note You Never Wrote
24%
Wild Life(1971) Tomorrow
24%
Red Rose Speedway(1973) When the Night
24%
Band on the Run(Bonus)(1993) Zoo Gang
24%
Back to the Egg(1979) After the Ball / Million Miles
18%
One Hand Clapping(2024) All of You
18%
London Town(1978) Backwards Traveller
18%
Wingspan: Hits and History(2001) Hey Diddle
18%
Wild Life(Bonus)(1993) Little Woman Love
18%
London Town(1978) Morse Moose and the Grey Goose
18%
Wings at the Speed of Sound(1976) Must Do Something About It
18%
Red Rose Speedway(Bonus)(2018) Night Out
18%
Non-Album(1977) Seaside Woman
18%
Wild Life(1971) Some People Never Know
18%
Back to the Egg(1979) To You
18%
Back to the Egg(1979) We're Open Tonight
18%
Red Rose Speedway(Bonus)(2018) 1882
12%
Venus and Mars(Bonus)(2014) 4th of July
12%
Venus and Mars(Bonus)(2014) Let's Love
12%
Venus and Mars(Bonus)(1993) Lunch Box / Odd Sox
12%
Back to the Egg(1979) So Glad to See You Here
12%
Red Rose Speedway(Bonus)(2018) Thank You Darling
12%
Back to the Egg(1979) The Broadcast
12%
Red Rose Speedway(Bonus)(1993) The Mess
12%
Wings at the Speed of Sound(1976) Time to Hide
12%
Back to the Egg(1979) Winter Rose / Love Awake
12%
Wild Life(Bonus)(2018) African Yeah Yeah
6%
Red Rose Speedway(Bonus)(2018) Best Friend
6%
Wild Life(Bonus)(1993) Mama's Little Girl
6%
London Town(1978) Name and Address
6%
Wings at the Speed of Sound(Bonus)(1993) Bridge on the River Suite
0%
Non-Album(1977) B Side to Seaside
0%
Wild Life(Bonus)(2018) Indeed I Do
0%
Red Rose Speedway(Bonus)(2018) I Would Only Smile
0%
Red Rose Speedway(Bonus)(2018) Jazz Street
0%
Venus and Mars(Bonus)(2014) Love My Baby
0%
Wild Life(Bonus)(2018) She Got It Good
0%
No matching quizzes found
Score Distribution
Percent of People with Each Score
Percentile by Number Answered
Your Score History
You have not taken this quiz